[Event "Alcorcon Spring op-B 1st"]
[Site "Alcorcon"]
[Date "2019.05.12"]
[Round "7"]
[White "Fernandez Garcia, Emilio"]
[Black "De Juan Rivas, Antonio"]
[Result "1-0"]
[WhiteElo "1573"]
[BlackElo "1523"]
[PlyCount "112"]
[EventDate "2019.03.24"]
[EventType "swiss"]
[EventRounds "9"]
[EventCountry "ESP"]
[SourceTitle "EXT 2020"]
[Source "ChessBase"]
[SourceDate "2019.10.17"]
[SourceVersion "1"]
[SourceVersionDate "2019.10.17"]
[SourceQuality "1"]

1. e4 e5 2. Nf3 Nf6 3. Nc3 Nc6 4. Bc4 Na5 5. Be2 d5 6. Nxd5 Nxd5 7. exd5 Qxd5 8. 0-0 Bd6 9. h3 Nc6 10. d3 Nd4 11. Nxd4 exd4 12. Bf3 Qc5 13. Re1+ Be7 14. Qe2 c6 15. Bf4 Be6 16. Bg4 Bxg4 17. Qxg4 0-0 18. Be5 f6 19. Bxd4 Qd6 20. Bc3 Rae8 21. Re3 Bd8 22. Qc4+ Qd5 23. Qxd5+ cxd5 24. Bd4 Bc7 25. Rae1 Rxe3 26. Rxe3 Kf7 27. g3 Rc8 28. c3 a6 29. Kg2 Bd6 30. h4 g6 31. Rf3 Be7 32. Kh3 Rc6 33. Re3 h5 34. f3 f5 35. f4 a5 36. a4 Bc5 37. Bxc5 Rxc5 38. Re5 b6 39. Kg2 d4 40. Rxc5 bxc5 41. Kf2 Ke6 42. Ke2 dxc3 43. bxc3 Kd5 44. Kd2 c4 45. dxc4+ Kxc4 46. Kc2 Kd5 47. Kb3 Kc5 48. Kb2 Kc4 49. Kc2 Kc5 50. Kd3 Kd5 51. c4+ Kc5 52. Kc3 Kc6 53. Kd4 Kd6 54. c5+ Kc6 55. Kc4 Kc7 56. Kb5 Kb7 1-0

[Event "Madrid San Viator op-B 30th"]
[Site "Madrid"]
[Date "2018.05.13"]
[Round "5"]
[White "Fernandez Garcia, Emilio"]
[Black "Cerioni Serret, Luca"]
[Result "1-0"]
[WhiteElo "1556"]
[BlackElo "1426"]
[PlyCount "71"]
[EventDate "2018.04.08"]
[EventType "swiss"]
[EventRounds "9"]
[EventCountry "ESP"]
[SourceTitle "EXT 2019"]
[Source "ChessBase"]
[SourceDate "2018.10.10"]
[SourceVersion "1"]
[SourceVersionDate "2018.10.10"]
[SourceQuality "1"]

1. d4 Nf6 2. Nf3 g6 3. g3 Bg7 4. Bg2 0-0 5. 0-0 d6 6. c4 c5 7. Nc3 Bd7 8. Re1 cxd4 9. Nxd4 Nc6 10. e3 Rc8 11. b3 Re8 12. Bb2 Nxd4 13. exd4 Bc6 14. d5 Bd7 15. Qd2 Qa5 16. a4 Bg4 17. h3 Bf5 18. Re2 h5 19. Rae1 Rc7 20. Nb5 Qxd2 21. Rxd2 Rc5 22. Bxf6 Bxf6 23. Rde2 Rd8 24. Nxa7 Bd3 25. Re3 Bc3 26. Rxe7 Bxe1 27. Rxe1 Bc2 28. Re3 Kf8 29. Nb5 Re8 30. Rxe8+ Kxe8 31. Nxd6+ Kd7 32. Nxb7 Rc7 33. d6 Rc8 34. c5 Bxb3 35. c6+ Ke6 36. d7 1-0

[Event "Madrid San Viator op-B 30th"]
[Site "Madrid"]
[Date "2018.04.15"]
[Round "2"]
[White "Fernandez Garcia, Emilio"]
[Black "Izquierdo Millan, Cecilio"]
[Result "1-0"]
[WhiteElo "1556"]
[BlackElo "1510"]
[PlyCount "47"]
[EventDate "2018.04.08"]
[EventType "swiss"]
[EventRounds "9"]
[EventCountry "ESP"]
[SourceTitle "EXT 2019"]
[Source "ChessBase"]
[SourceDate "2018.10.10"]
[SourceVersion "1"]
[SourceVersionDate "2018.10.10"]
[SourceQuality "1"]

1. Nf3 c5 2. c4 Nf6 3. Nc3 Nc6 4. g3 e6 5. d4 cxd4 6. Nxd4 d5 7. Bg2 Bb4 8. 0-0 Bd7 9. cxd5 Bxc3 10. dxc6 Bxd4 11. cxb7 Bxf2+ 12. Rxf2 Rb8 13. Bf4 0-0 14. Bxb8 Qxb8 15. Rb1 Bb5 16. Qb3 Bd7 17. a4 Rd8 18. a5 Ng4 19. Rf4 Ne5 20. a6 g5 21. Rd4 Kg7 22. Qc3 Bb5 23. Rxd8 Qxd8 24. Qxe5+ 1-0

[Event "Madrid San Viator op-B 29th"]
[Site "Madrid"]
[Date "2017.10.29"]
[Round "6"]
[White "Periotto Miori, Caterina"]
[Black "Fernandez Garcia, Emilio"]
[Result "1/2-1/2"]
[WhiteElo "1250"]
[BlackElo "1579"]
[PlyCount "53"]
[EventDate "2017.09.17"]
[EventType "swiss"]
[EventRounds "9"]
[EventCountry "ESP"]
[SourceTitle "EXT 2019"]
[Source "ChessBase"]
[SourceDate "2018.10.10"]
[SourceVersion "1"]
[SourceVersionDate "2018.10.10"]
[SourceQuality "1"]

1. Nf3 d5 2. d4 Nf6 3. c4 e6 4. Nc3 Be7 5. Bg5 h6 6. Bh4 0-0 7. e3 c6 8. Rc1 Nbd7 9. Bd3 dxc4 10. Bxc4 b5 11. Bd3 Bb7 12. 0-0 a6 13. Qe2 c5 14. a3 c4 15. Bb1 Nd5 16. Bg3 Nxc3 17. Rxc3 Nf6 18. Nd2 Qd5 19. Qf3 Qxf3 20. Nxf3 Ne4 21. Rcc1 Rac8 22. Bxe4 Bxe4 23. Rfd1 Rfd8 24. Rc3 b4 25. axb4 Bxb4 26. Rcc1 Bxf3 27. gxf3 1/2-1/2

[Event "Madrid San Viator op-B 29th"]
[Site "Madrid"]
[Date "2017.09.24"]
[Round "2"]
[White "Fernandez Garcia, Emilio"]
[Black "Lavayen Torres, Leonardo"]
[Result "1/2-1/2"]
[WhiteElo "1579"]
[BlackElo "1342"]
[PlyCount "68"]
[EventDate "2017.09.17"]
[EventType "swiss"]
[EventRounds "9"]
[EventCountry "ESP"]
[SourceTitle "EXT 2019"]
[Source "ChessBase"]
[SourceDate "2018.10.10"]
[SourceVersion "1"]
[SourceVersionDate "2018.10.10"]
[SourceQuality "1"]

1. Nf3 Nf6 2. g3 g6 3. b3 Bg7 4. Bb2 0-0 5. c4 d6 6. Bg2 Nbd7 7. 0-0 a5 8. a3 Re8 9. d3 e5 10. Nbd2 Nh5 11. e4 Nc5 12. Qc2 f5 13. d4 exd4 14. Nxd4 fxe4 15. Nxe4 Bxd4 16. Bxd4 Bf5 17. f3 Bxe4 18. fxe4 Qe7 19. Bxc5 dxc5 20. Rad1 Nf6 21. e5 Qxe5 22. Bxb7 Rab8 23. Bd5+ Nxd5 24. Rxd5 Qe3+ 25. Qf2 Rxb3 26. Qxe3 Rbxe3 27. Rxc5 Rxa3 28. Rxc7 Ra2 29. c5 Ree2 30. Rd1 Rg2+ 31. Kf1 Rgf2+ 32. Kg1 Rg2+ 33. Kf1 Rgf2+ 34. Kg1 Rg2+ 1/2-1/2

[Event "Madrid San Viator op-B 28th"]
[Site "Madrid"]
[Date "2017.05.28"]
[Round "8"]
[White "Fernandez Garcia, Emilio"]
[Black "Del Noval Nemeshazi, Mario"]
[Result "1-0"]
[WhiteElo "1606"]
[BlackElo "1371"]
[PlyCount "77"]
[EventDate "2017.03.26"]
[EventType "swiss"]
[EventRounds "9"]
[EventCountry "ESP"]
[SourceTitle "EXT 2019"]
[Source "ChessBase"]
[SourceDate "2018.10.10"]
[SourceVersion "1"]
[SourceVersionDate "2018.10.10"]
[SourceQuality "1"]

1. d4 Nf6 2. c4 g6 3. Nc3 Bg7 4. e4 d6 5. Nf3 0-0 6. Be2 Nbd7 7. 0-0 e5 8. Bg5 Qe8 9. d5 Nc5 10. Nd2 Bd7 11. b4 Na6 12. Rb1 Rb8 13. Be3 b6 14. c5 Qc8 15. c6 Be8 16. Qa4 Nxb4 17. Rxb4 a5 18. Rbb1 h5 19. Qd1 Kh7 20. Re1 Rh8 21. Nf1 Kg8 22. Qd2 Ng4 23. Bxg4 hxg4 24. f3 f5 25. exf5 gxf5 26. fxg4 f4 27. Bf2 Qxg4 28. Ne4 Bg6 29. Rb3 Bh6 30. Nf6+ Kf7 31. Nxg4 Rbg8 32. Nxh6+ Rxh6 33. h3 Rh7 34. Nh2 Bf5 35. Kh1 Rhg7 36. Rg1 Be4 37. Nf3 Rh8 38. Kh2 Rgh7 39. Ng5+ 1-0

[Event "Madrid San Viator op-B 28th"]
[Site "Madrid"]
[Date "2017.03.26"]
[Round "1"]
[White "Lopez Herrero, Israel"]
[Black "Fernandez Garcia, Emilio"]
[Result "0-1"]
[WhiteElo "1302"]
[BlackElo "1606"]
[PlyCount "62"]
[EventDate "2017.03.26"]
[EventType "swiss"]
[EventRounds "9"]
[EventCountry "ESP"]
[SourceTitle "EXT 2019"]
[Source "ChessBase"]
[SourceDate "2018.10.10"]
[SourceVersion "1"]
[SourceVersionDate "2018.10.10"]
[SourceQuality "1"]

1. e4 c5 2. Nf3 d6 3. d4 cxd4 4. Nxd4 Nf6 5. Nc3 a6 6. Bg5 e6 7. Bc4 Be7 8. Qd2 Nbd7 9. 0-0-0 Qc7 10. Bb3 b5 11. a3 Nc5 12. Na2 Nfxe4 13. Qe2 Bxg5+ 14. Kb1 Bb7 15. Rhe1 Nxb3 16. Nxb3 Bf6 17. Qe3 Rc8 18. Nb4 a5 19. Nd3 Qxc2+ 20. Ka2 Nc3+ 21. Ka1 Nxd1 22. Qc1 Qxb3 23. Qxd1 Qxd1+ 24. Rxd1 Bxg2 25. Nf4 Bd5 26. Re1 Kd7 27. Rd1 Rc2 28. Nd3 Rhc8 29. Kb1 Be4 30. Ne1 Rxb2+ 31. Ka1 Rd2# 0-1

[Event "Madrid San Viator op-B 27th"]
[Site "Madrid"]
[Date "2016.10.16"]
[Round "5"]
[White "Fernandez Garcia, Emilio"]
[Black "Simon Escalona, Irene"]
[Result "1-0"]
[WhiteElo "1614"]
[BlackElo "1488"]
[PlyCount "75"]
[EventDate "2016.09.25"]
[EventType "swiss"]
[EventRounds "9"]
[EventCountry "ESP"]
[SourceTitle "EXT 2017"]
[Source "ChessBase"]
[SourceDate "2016.10.25"]
[SourceVersion "1"]
[SourceVersionDate "2016.10.25"]
[SourceQuality "1"]

1. d4 d5 2. c4 e6 3. Nf3 Nf6 4. Bg5 Be7 5. Nc3 h6 6. Bf4 a6 7. e3 0-0 8. h3 Nbd7 9. Rc1 c5 10. cxd5 exd5 11. Bd3 c4 12. Bb1 b5 13. 0-0 b4 14. Ne2 Re8 15. Nd2 Nb6 16. f3 Bd6 17. Bxd6 Qxd6 18. e4 Qd7 19. e5 Nh7 20. Ng3 Na4 21. Qc2 Nf8 22. Rf2 Nb6 23. Ndf1 Qd8 24. Ne3 a5 25. f4 a4 26. Qd2 b3 27. a3 Qe7 28. Ngf5 Bxf5 29. Nxf5 Qc7 30. Rc3 Ra6 31. Rg3 Ng6 32. Nd6 Rd8 33. f5 Rxd6 34. exd6 Qxd6 35. Qe3 Nf8 36. f6 Ne6 37. Qxh6 Qxg3 38. Qh7+ 1-0

[Event "Madrid San Viator op-B 27th"]
[Site "Madrid"]
[Date "2016.10.02"]
[Round "2"]
[White "Pedraza del Toro, Marcos"]
[Black "Fernandez Garcia, Emilio"]
[Result "0-1"]
[WhiteElo "1091"]
[BlackElo "1614"]
[PlyCount "70"]
[EventDate "2016.09.25"]
[EventType "swiss"]
[EventRounds "9"]
[EventCountry "ESP"]
[SourceTitle "EXT 2017"]
[Source "ChessBase"]
[SourceDate "2016.10.25"]
[SourceVersion "1"]
[SourceVersionDate "2016.10.25"]
[SourceQuality "1"]

1. e4 c5 2. Nf3 d6 3. Bc4 e6 4. d4 cxd4 5. Qxd4 Nc6 6. Bb5 Bd7 7. Bxc6 Bxc6 8. 0-0 Nf6 9. Nc3 Be7 10. Qd3 0-0 11. e5 Nd5 12. Ne4 dxe5 13. Nxe5 Nb4 14. Qxd8 Rfxd8 15. Nxc6 Nxc6 16. Bg5 Bxg5 17. Nxg5 Rd2 18. Rac1 Rad8 19. Ne4 R2d4 20. Nc5 b6 21. c3 Rd2 22. Ne4 Rxb2 23. Ra1 f5 24. Ng5 e5 25. Rfb1 Rxb1+ 26. Rxb1 h6 27. Ne6 Rd2 28. g3 Kf7 29. Nc7 e4 30. a3 Ne5 31. Rb5 Nf3+ 32. Kf1 Nxh2+ 33. Ke1 Nf3+ 34. Kf1 Rd1+ 35. Ke2 Re1# 0-1

[Event "Madrid San Viator op-B 26th"]
[Site "Madrid"]
[Date "2016.05.22"]
[Round "7"]
[White "Santos Burkholz, Mario"]
[Black "Fernandez Garcia, Emilio"]
[Result "0-1"]
[WhiteElo "1526"]
[BlackElo "1624"]
[PlyCount "124"]
[EventDate "2016.04.03"]
[EventType "swiss"]
[EventRounds "9"]
[EventCountry "ESP"]
[SourceTitle "EXT 2017"]
[Source "ChessBase"]
[SourceDate "2016.10.25"]
[SourceVersion "1"]
[SourceVersionDate "2016.10.25"]
[SourceQuality "1"]

1. e4 c5 2. Nf3 d6 3. d4 cxd4 4. Nxd4 Nf6 5. Nc3 a6 6. Bc4 e6 7. 0-0 Be7 8. Bg5 b5 9. Bb3 0-0 10. Qd2 Bb7 11. f3 Nbd7 12. a3 Qb6 13. Be3 Qc7 14. Rfe1 Ne5 15. Qe2 Rac8 16. Rad1 Nc4 17. Bxc4 Qxc4 18. Qxc4 Rxc4 19. Nb3 Rcc8 20. Bf4 Rfd8 21. Rd2 d5 22. exd5 Nxd5 23. Nxd5 Bxd5 24. Nd4 Bf6 25. c3 Bb7 26. Bg3 Rd7 27. Red1 Rcd8 28. Nb3 Rxd2 29. Rxd2 Rxd2 30. Nxd2 Bg5 31. f4 Be7 32. Bf2 g5 33. Be3 gxf4 34. Bxf4 Bc5+ 35. Kf1 f6 36. Bg3 Bd5 37. Bf2 Bd6 38. g3 Kf7 39. Ke2 f5 40. Nf1 Bc4+ 41. Ke1 Bxf1 42. Kxf1 e5 43. Ke2 Ke6 44. Kd3 Kd5 45. Be3 f4 46. gxf4 exf4 47. Bd2 f3 48. Ke3 Bxh2 49. Kxf3 Kc4 50. Ke3 Kb3 51. Kd3 Kxb2 52. c4 bxc4+ 53. Kxc4 Kxa3 54. Bh6 Bd6 55. Bc1+ Ka4 56. Bh6 Ka5 57. Be3 h5 58. Bf2 Be7 59. Be1+ Kb6 60. Bf2+ Kc6 61. Bg3 h4 62. Bh2 Bd6 0-1

[Event "Madrid San Viator op-B 26th"]
[Site "Madrid"]
[Date "2016.04.17"]
[Round "3"]
[White "Fernandez Garcia, Emilio"]
[Black "Espinosa Palacios, Victoriano"]
[Result "1/2-1/2"]
[WhiteElo "1624"]
[BlackElo "1436"]
[PlyCount "60"]
[EventDate "2016.04.03"]
[EventType "swiss"]
[EventRounds "9"]
[EventCountry "ESP"]
[SourceTitle "EXT 2017"]
[Source "ChessBase"]
[SourceDate "2016.10.25"]
[SourceVersion "1"]
[SourceVersionDate "2016.10.25"]
[SourceQuality "1"]

1. d4 Nf6 2. Bg5 e6 3. e4 Be7 4. Nc3 Nxe4 5. Bxe7 Nxc3 6. Bxd8 Nxd1 7. Bxc7 Nxb2 8. d5 exd5 9. Be5 Nc4 10. Bxg7 Rg8 11. Bc3 Nc6 12. Nf3 d6 13. Rd1 Be6 14. Bf6 Nb4 15. Bxc4 dxc4 16. 0-0 d5 17. Nd4 Bh3 18. Rfe1+ Kd7 19. Re7+ Kd6 20. g3 Be6 21. Rxb7 Rgb8 22. Rxb8 Rxb8 23. Rb1 Rb6 24. Nxe6 fxe6 25. Bd4 Rb7 26. a3 Nxc2 27. Rxb7 Nxd4 28. Kf1 c3 29. Ke1 Nf3+ 30. Kd1 d4 1/2-1/2

[Event "Madrid San Viator op 24th"]
[Site "Madrid"]
[Date "2015.05.17"]
[Round "7"]
[White "San Felipe Gonzalez, Tomas"]
[Black "Fernandez Garcia, Emilio"]
[Result "0-1"]
[WhiteElo "1724"]
[BlackElo "1684"]
[PlyCount "172"]
[EventDate "2015.03.22"]
[EventType "swiss"]
[EventRounds "9"]
[EventCountry "ESP"]
[SourceTitle "EXT 2016"]
[Source "ChessBase"]
[SourceDate "2015.10.08"]
[SourceVersion "1"]
[SourceVersionDate "2015.10.08"]
[SourceQuality "1"]

1. d4 d5 2. c4 e6 3. Nc3 Be7 4. cxd5 exd5 5. Nf3 Nf6 6. Bg5 0-0 7. e3 Bf5 8. Bxf6 Bxf6 9. Qb3 Qc8 10. Nxd5 Bd8 11. Nf4 c6 12. Qc3 Nd7 13. Be2 Nf6 14. Nd2 Bc7 15. Nd3 Nd5 16. Qb3 Re8 17. 0-0 b6 18. Nb4 Qe6 19. Nxd5 cxd5 20. Bf3 Rad8 21. Rfc1 Bb8 22. Rc3 Qh6 23. g3 Qd6 24. Rac1 Be6 25. Bg2 h5 26. Nf3 Rc8 27. Ne5 Rxc3 28. Rxc3 Rc8 29. Rxc8+ Bxc8 30. Qxd5 Be6 31. Qxd6 Bxd6 32. a3 Bb3 33. Bf1 g6 34. Bc4 Bxc4 35. Nxc4 Bc7 36. a4 Kf8 37. Kg2 Ke7 38. Kf3 Ke6 39. e4 f5 40. d5+ Ke7 41. e5 Bd8 42. h4 Kd7 43. Ke3 a6 44. f4 b5 45. axb5 axb5 46. Nd6 Bb6+ 47. Kf3 b4 48. b3 Bc5 49. Nf7 Kc7 50. Ng5 Kd7 51. Ne6 Bb6 52. Ke2 Ke7 53. Ng5 Bc5 54. Nf3 Bb6 55. Nd2 Bc5 56. Kd3 Bf2 57. Nf1 Be1 58. Kc4 Kd7 59. Kb5 Bc3 60. Kc5 Be1 61. e6+ Ke7 62. Kc6 Bc3 63. d6+ Kxe6 64. d7 Bf6 65. Kc7 Kd5 66. d8Q+ Bxd8+ 67. Kxd8 Kd4 68. Ke7 Kc3 69. Kf6 Kxb3 70. Kxg6 Kc3 71. Kxf5 Kd3 72. Kg5 b3 73. Kxh5 b2 74. Nh2 b1Q 75. Ng4 Ke4 76. Ne5 Kf5 77. Nf7 Qd1+ 78. Kh6 Qg4 79. Nd6+ Ke6 80. Ne4 Ke7 81. Kh7 Qf5+ 82. Kh6 Qxe4 83. Kg5 Ke6 84. g4 Kf7 85. h5 Qe7+ 86. Kf5 Qe6+ 0-1

[Event "Madrid San Viator op 24th"]
[Site "Madrid"]
[Date "2015.04.12"]
[Round "3"]
[White "Gonzalez Berrendero, Carlos"]
[Black "Fernandez Garcia, Emilio"]
[Result "1-0"]
[WhiteElo "1779"]
[BlackElo "1684"]
[PlyCount "89"]
[EventDate "2015.03.22"]
[EventType "swiss"]
[EventRounds "9"]
[EventCountry "ESP"]
[SourceTitle "EXT 2016"]
[Source "ChessBase"]
[SourceDate "2015.10.08"]
[SourceVersion "1"]
[SourceVersionDate "2015.10.08"]
[SourceQuality "1"]

1. b4 e5 2. Bb2 d6 3. e3 Nf6 4. Nf3 Be7 5. a3 0-0 6. Bc4 Nc6 7. d3 h6 8. Nbd2 Re8 9. 0-0 Bf8 10. Bb3 Be6 11. Bxe6 Rxe6 12. c4 Qd7 13. d4 Ree8 14. b5 Na5 15. dxe5 Ng4 16. exd6 Bxd6 17. Qc2 Qe7 18. h3 Nf6 19. Nh4 Be5 20. Nf5 Qc5 21. Nd4 Rad8 22. a4 g6 23. Ba3 Bxd4 24. Bxc5 Bxc5 25. Nf3 b6 26. Qc3 Ne4 27. Qc2 Nd6 28. Nd2 Nf5 29. Rad1 Nb7 30. Ne4 Be7 31. Rxd8 Rxd8 32. Rd1 Nbd6 33. g4 Ng7 34. c5 Nxe4 35. Rxd8+ Bxd8 36. Qxe4 Ne6 37. cxb6 axb6 38. f4 Kh7 39. f5 Ng7 40. fxg6+ fxg6 41. Qd5 Be7 42. e4 Bc5+ 43. Kg2 Ne8 44. Qf7+ Ng7 45. e5 1-0